00424nam a2200157Ia 4500003000900000008004100009020001800050040001600068080001300084100002200097245003900119260003500158300001300193650004100206650001900247IN-BaIIA211028s9999 xx 000 0 eng d a0-12-640550-6 cIIA Library a533bSHO aShohet, Juda Leon 4aThe Plasma statecJuda Leon Shohet aNew YorkbAcademic Pressc1971 ax, 333p. aAstronomy and astrophysics thesaurus aPlasma physics